Central Library OPAC University of Rajshahi

History of the Byzantine state / (Record no. 25987)

MARC details
000 -LEADER
fixed length control field 00794nam a2200241 a 4500
001 - CONTROL NUMBER
control field 25987
003 - CONTROL NUMBER IDENTIFIER
rucl marc code BD-RjUL
005 - DATE AND TIME OF LATEST TRANSACTION
control field 20211209050945.0
008 - FIXED-LENGTH DATA ELEMENTS--GENERAL INFORMATION
fixed length control field 140319s1956 enkbfj 001 0 eng d
035 ## - SYSTEM CONTROL NUMBER
System control number (BD-RjUL)26057
040 ## - CATALOGING SOURCE
Original cataloging agency BD-RjUL
Language of cataloging eng
Transcribing agency BD-RjUL
041 1# - LANGUAGE CODE
Language code of text/sound track or separate title eng
Language code of original ger
082 ## - DEWEY DECIMAL CLASSIFICATION NUMBER
Classification number 944.5
Author mark and year OSH 1956
100 1# - MAIN ENTRY--PERSONAL NAME
Personal name Ostrogorski, Georgije.
9 (RLIN) 79856
245 10 - TITLE STATEMENT
Title History of the Byzantine state /
Statement of responsibility, etc. George Ostrogorsky ; translated by Joan Hussey.
260 ## - PUBLICATION, DISTRIBUTION, ETC. (IMPRINT)
Place of publication, distribution, etc. Oxford :
Name of publisher, distributor, etc. Blackwell,
Date of publication, distribution, etc. 1956.
300 ## - PHYSICAL DESCRIPTION
Pagination xxvii, 548 p. :
Illustrations maps, gen. tables ;
Size 23 cm.
504 ## - BIBLIOGRAPHY, ETC. NOTE
Bibliography, etc Includes bibliographical references and index.
651 #0 - SUBJECT ADDED ENTRY--GEOGRAPHIC NAME
Geographic name Byzantine Empire
General subdivision History.
9 (RLIN) 79857
700 1# - ADDED ENTRY--PERSONAL NAME
Personal name Hussey, J. M.
Fuller form of name (Joan Mervyn)
942 ## - ADDED ENTRY ELEMENTS (KOHA)
Source of classification or shelving scheme Dewey Decimal Classification
Koha item type Books
Holdings
Lost status Source of classification or shelving scheme Damaged status Not for loan Collection code Permanent Location Current Location Shelving location Date acquired Source of acquisition Cost, normal purchase price Total Checkouts Full call number Date last seen Copy number Koha item type
  Dewey Decimal Classification   Added to bundle Non-fiction Central Library, University of Rajshahi Central Library, University of Rajshahi Reading Room 02/03/1960 Zeitlinger 0.00   944.5 OSH 1956 19/03/2014 C-1 Books